000 01100nam a22002297a 4500
999 _c18492
_d18492
003 AR-CdUCM
008 190514b ||||| |||| 00| 0 spa d
020 _a84-89292-80-9
040 _aMUNICIPALIDAD PROVINCIAL DEL CUSCO
_cBIBLIOTECA MUNICIPAL DEL CUSCO
082 _a346.25 /
_bC13
100 _aCabello, Carmen Julia
_939113
245 _aCincuenta años de divorcio en el Perú :
_bselección y comentario de ejecutorias supremas 1937 - 1986 /
260 _aLima :
_bFondo Editorial de la Pontificia Universidad Católica del Perú,
_c1987.
300 _a321 páginas ;
_c21 cm.
505 _aContenido: El divorcio en la legislación nacional -- Examen doctrinario y jurisprudencial de las causales de divorcio ene le Perú -- Las causales de divorcio y los medios probatorios -- Aspectos procesales de interés -- Principales efectos personales y patrimoniales del divorcio ...
650 _aDerecho civil
_97386
650 _aPerú
_935
650 _aLegislación
_92962
710 _aPontificia Universidad Católica del Perú.
_9400
942 _2ddc
_cLIBROS
945 _aachl
_d2019-05-14